000 01310nam a2200337 c 4500
003 BLK
005 20250308111002.0
008 180408b bul|||||r ||||||| ||bul||
010 _aKNG00080276000
020 _a978-954-527-346-9
_bиздат.: Дамян Яков
040 _aBLK
041 _aBUL
_cBUL
080 _aБългарска литература
_b821.163.2
_x-93-312.9
_z821.163.2-93-312.9
100 _aЕлин Пелин
_qСтоянов, Димитър Иванов
_9363511
700 1 _aКалъчев, Милен
_eхудож.
_9368100
139 _aЕлин Пелин
_bЕ 53
245 1 0 _aЯн Бибиян
_bНевероятните приключения на едно хлапе
_cЕлин Пелин; худож. Милен Калъчев.
245 1 0 _aЯн Бибиян на Луната
_b
_c
250 _a9. изд.
257 _aBGR
260 София
_bДамян Яков
_c2007
_fСофия : Вулкан
300 _a208 с.
_c22 см
380 _aDX
500 _a1. изд. 1966 на изд. Български писател
852 _aЦб 237563
856 4 _qpdf
_u
856 4 _qpdf
_u
942 _cKNG
_n0
_078
944 _aCR
_c04.01.2008
_k30542
_lРусанова Ирена
944 _aED
_c23.05.2017
_kВиолета_Тройчева
999 _c75854
_d75854